[Event "HUN-chT2 Toth 1819"]
[Site "Hungary"]
[Date "2019.02.24"]
[Round "8.8"]
[White "Balassy, Gabor"]
[Black "Hideg, Ferenc Bendeguz"]
[Result "1/2-1/2"]
[WhiteElo "1818"]
[BlackElo "1755"]
[PlyCount "73"]
[EventDate "2018.09.23"]
[EventType "team-tourn"]
[EventRounds "11"]
[EventCountry "HUN"]
[SourceTitle "EXT 2021"]
[Source "ChessBase"]
[SourceDate "2020.10.23"]
[SourceVersion "1"]
[SourceVersionDate "2020.10.23"]
[SourceQuality "1"]
[WhiteTeam "Mako Duocor II"]
[BlackTeam "Felegyhaza Csongrad"]
[WhiteTeamCountry "HUN"]
[BlackTeamCountry "HUN"]

1. d4 d5 2. Bf4 Nf6 3. e3 c5 4. dxc5 e6 5. Bd6 Bxd6 6. cxd6 Qxd6 7. a3 0-0 8. Nc3 Rd8 9. Nf3 b6 10. Qd2 Ne4 11. Nxe4 dxe4 12. Qxd6 Rxd6 13. Nd2 f5 14. 0-0-0 Ba6 15. Bc4 Kf7 16. Bxa6 Nxa6 17. Nc4 Rd5 18. Nd6+ Kf6 19. b4 Rd8 20. Rxd5 exd5 21. Nb5 Rd7 22. Rd1 Nb8 23. Nd4 a6 24. a4 Ke5 25. g3 Rc7 26. Kb2 Rc4 27. Kb3 Nc6 28. Nxc6+ Rxc6 29. Rd4 b5 30. axb5 axb5 31. h4 Ra6 32. Rd1 g6 33. c3 h6 34. Rh1 Ra7 35. Kb2 Ra6 36. Rh2 Ra7 37. Rh1 1/2-1/2

[Event "HUN-chT2 Toth 1718"]
[Site "Hungary"]
[Date "2018.02.18"]
[Round "8.8"]
[White "Balatoni, Gyorgy"]
[Black "Balassy, Gabor"]
[Result "1/2-1/2"]
[WhiteElo "1735"]
[BlackElo "1783"]
[PlyCount "86"]
[EventDate "2017.09.24"]
[EventType "team-tourn"]
[EventRounds "11"]
[EventCountry "HUN"]
[SourceTitle "EXT 2021"]
[Source "ChessBase"]
[SourceDate "2020.10.23"]
[SourceVersion "1"]
[SourceVersionDate "2020.10.23"]
[SourceQuality "1"]
[WhiteTeam "Szentes Integral"]
[BlackTeam "Mako Duocor II"]
[WhiteTeamCountry "HUN"]
[BlackTeamCountry "HUN"]

1. c4 c6 2. Nc3 d5 3. cxd5 cxd5 4. d4 Nf6 5. Bf4 a6 6. e3 Nc6 7. a3 Bf5 8. Bd3 Bxd3 9. Qxd3 e6 10. b4 Bd6 11. Bxd6 Qxd6 12. Nf3 Rc8 13. 0-0 0-0 14. h3 Rc7 15. Rfc1 b5 16. Ne2 Rfc8 17. Qd1 Ne4 18. Nd2 Nxd2 19. Qxd2 Nb8 20. Rxc7 Rxc7 21. Rc1 Nd7 22. Rxc7 Qxc7 23. Qc3 Qc4 24. Qxc4 dxc4 25. Nc3 Nb6 26. Kf1 Nd5 27. Nxd5 exd5 28. Ke2 Kf8 29. f3 f5 30. f4 Kf7 31. g3 Ke6 32. Kd2 Kd6 33. Ke2 Kc6 34. Kd2 Kb6 35. Ke2 Kc6 36. Kd2 Kd6 37. Ke2 Ke6 38. Kd2 Kf6 39. Ke2 Kg6 40. Kd2 Kh5 41. Ke2 g5 42. Kd2 gxf4 43. exf4 Kg6 1/2-1/2

[Event "HUN-chT2 Toth 1617"]
[Site "Hungary"]
[Date "2017.02.12"]
[Round "8.11"]
[White "Balassy, Gabor"]
[Black "Gurzo, Bence Bendeguz"]
[Result "1/2-1/2"]
[WhiteElo "1804"]
[BlackElo "1578"]
[PlyCount "32"]
[EventDate "2016.09.25"]
[EventType "team-tourn"]
[EventRounds "11"]
[EventCountry "HUN"]
[SourceTitle "EXT 2021"]
[Source "ChessBase"]
[SourceDate "2020.10.23"]
[SourceVersion "1"]
[SourceVersionDate "2020.10.23"]
[SourceQuality "1"]
[WhiteTeam "Mako Duocor II"]
[BlackTeam "Gyula"]
[WhiteTeamCountry "HUN"]
[BlackTeamCountry "HUN"]

1. d4 f5 2. Nf3 Nf6 3. g3 g6 4. Bg2 Bg7 5. c4 d6 6. Nc3 0-0 7. 0-0 Qe8 8. d5 a6 9. a4 Nbd7 10. Be3 Ng4 11. Bd4 Nge5 12. Nd2 Bf6 13. e3 Rb8 14. Ba7 Ra8 15. Bd4 Rb8 16. Ba7 Ra8 1/2-1/2

[Event "HUN-chT2 Toth 1516"]
[Site "Hungary"]
[Date "2015.11.08"]
[Round "4.10"]
[White "Rab, Janos"]
[Black "Balassy, Gabor"]
[Result "1-0"]
[WhiteElo "1813"]
[BlackElo "1750"]
[PlyCount "103"]
[EventDate "2015.09.13"]
[EventType "team-tourn"]
[EventRounds "11"]
[EventCountry "HUN"]
[SourceTitle "CBM 170 Extra"]
[Source "ChessBase"]
[SourceDate "2016.02.25"]
[SourceVersion "1"]
[SourceVersionDate "2016.02.25"]
[SourceQuality "1"]
[WhiteTeam "Karcag"]
[BlackTeam "Mako SVSE II"]
[WhiteTeamCountry "HUN"]
[BlackTeamCountry "HUN"]

1. d4 d5 2. Nf3 Nf6 3. a3 a5 4. Bf4 c6 5. e3 Qb6 6. Qc1 Bf5 7. Nbd2 Nbd7 8. h3 e6 9. Be2 Be7 10. 0-0 0-0 11. Ne5 c5 12. g4 Bg6 13. g5 Nxe5 14. gxf6 gxf6 15. dxe5 Kh8 16. Kh2 Rg8 17. Bd3 Bh5 18. c3 fxe5 19. Bxe5+ f6 20. Bg3 Rg7 21. Bc2 Rag8 22. Bd1 Bd6 23. Rg1 Be8 24. Bf3 Qc7 25. Nf1 Bb5 26. Bxd6 Qxd6+ 27. Ng3 Bd7 28. Bg4 f5 29. Be2 Bc6 30. f4 Qe7 31. Qe1 Qd7 32. Qf2 Qe8 33. Nh5 Rf7 34. Rxg8+ Qxg8 35. Rg1 Qd8 36. Qg3 Qf8 37. Qg5 b6 38. Ba6 Bd7 39. Be2 Bc6 40. Qh4 b5 41. Rg5 Bd7 42. Ng3 h6 43. Rg6 Kh7 44. Bh5 Re7 45. Rf6 Qg7 46. Bg6+ Kh8 47. Nh5 Qg8 48. Ng3 Qg7 49. Qh5 Qxf6 50. Qxh6+ Kg8 51. Bh7+ Kf7 52. Bg8+ 1-0